Analýza časových zmien tiažového zrýchlenia v polárnych oblastiach z dátových produktov družicovej misie GRACE
Saved in:
| Main Author: | |
|---|---|
| Other Authors: | |
| Format: | Manuscript Book |
| Language: | Slovak |
| Published: |
2019
|
| Subjects: | |
| Online Access: | http://is.stuba.sk/zp/portal_zp.pl?podrobnosti=136978 https://opac.crzp.sk/?fn=detailBiblioForm&sid=1D69B1A76ABEB527B46DD2387708 |
| Tags: |
No Tags, Be the first to tag this record!
|
MARC
| LEADER | 00000ntm a22000003a 4500 | ||
|---|---|---|---|
| 001 | stuzp73537 | ||
| 003 | SK-STU | ||
| 005 | 20230605150544.5 | ||
| 007 | ta | ||
| 008 | 150427s2015----xo-----f-mn---000-0-slo-d | ||
| 040 | |a STU |b slo | ||
| 041 | 0 | |a slo | |
| 100 | 1 | |a Kováčik, Andrej |u 010130 |4 aut |U SvF Stavebná fakulta |T SvF Katedra geodetických základov |X 87533 |U V130 |Y 13 |7 87533 | |
| 242 | 0 | 1 | |a Analysis of gravity change in polar regions using data products of satelite mission GRACE |y eng |
| 245 | 1 | 0 | |a Analýza časových zmien tiažového zrýchlenia v polárnych oblastiach z dátových produktov družicovej misie GRACE |
| 260 | |c 2019 | ||
| 650 | 4 | |a družicová misia GRACE |2 slo | |
| 650 | 4 | |a GrafLab |2 slo | |
| 650 | 4 | |a ľadovce |2 slo | |
| 650 | 4 | |a tiažové zrýchlenie |2 slo | |
| 650 | 4 | |a Grónsko |2 slo | |
| 650 | 4 | |a satellite mission GRACE |2 eng | |
| 650 | 4 | |a GrafLab |2 eng | |
| 650 | 4 | |a glaciers |2 eng | |
| 650 | 4 | |a gravity acceleration |2 eng | |
| 650 | 4 | |a Greenland |2 eng | |
| 700 | 1 | |a Janák, Juraj |u 010130 |k Z1 |4 ths |U SvF Stavebná fakulta |T SvF Katedra geodetických základov |X 876 |U V130 |Y 13 |7 A000000876 | |
| 856 | 4 | |u http://is.stuba.sk/zp/portal_zp.pl?podrobnosti=136978 | |
| 856 | 4 | |u https://opac.crzp.sk/?fn=detailBiblioForm&sid=1D69B1A76ABEB527B46DD2387708 | |